[Event "FIDE Grand Prix, Tashkent 2012"]
[Site "?"]
[Date "2012.11.29"]
[Round "7"]
[White "Dominguez Perez, Leinier"]
[Black "Caruana, Fabiano"]
[Result "0-1"]
[WhiteElo "2726"]
[BlackElo "2786"]
[PlyCount "166"]
[EventDate "2012.??.??"]

1. e4 d5 2. exd5 Qxd5 3. Nc3 Qd6 4. d4 Nf6 5. Nf3 g6 6. Bc4 Bg7 7. O-O O-O 8.
h3 a6 9. Re1 b5 10. Bb3 Bb7 11. Bg5 c5 12. dxc5 Qxc5 13. Qe2 e6 14. Rad1 Nbd7
15. Bf4 Rfe8 16. Bd6 Qb6 17. Qe3 Qxe3 18. Rxe3 Nb6 19. Be5 Rac8 20. Red3 Nc4
21. Bxc4 Rxc4 22. a3 h6 23. Nd2 Rcc8 24. Bxf6 Bxf6 25. Nde4 Bxc3 26. Nxc3 Bc6
27. R1d2 g5 28. Rd6 Kf8 29. Nd1 Ke7 30. Ne3 h5 31. c4 bxc4 32. R6d4 Bb5 33. h4
Rg8 34. Kh2 c3 35. Rc2 cxb2 36. Rxb2 Rc5 37. a4 Bc6 38. Rb6 a5 39. hxg5 Rgxg5
40. Ra6 e5 41. Ra7+ Ke6 42. Rd8 f5 43. Rh8 Rg6 44. Rhh7 f4 45. Rae7+ Kd6 46.
Nf5+ Kd5 47. Rxh5 Bxa4 48. Ra7 Kc4 49. Rh8 Bc2 50. Nh4 Rb6 51. Nf3 a4 52. Ng5
Kb4 53. Rha8 Rh6+ 54. Nh3 Bb3 55. f3 Rc2 56. Kg1 Rd6 57. Re8 Rdd2 58. Rg7 a3
59. Rxe5 a2 60. Re1 Rb2 61. Kh2 Rb1 62. Re4+ Kc5 63. Ra7 a1=Q 64. Rxa1 Rxa1 65.
Nxf4 Ra4 66. Re5+ Kd6 67. Rf5 Bc2 68. Rf7 Ke5 69. Kg3 Rd8 70. Nh3 Rg8+ 71. Kh2
Rh4 72. Rc7 Bf5 73. Rc5+ Ke6 74. g4 Rgh8 75. Rxf5 Rxh3+ 76. Kg2 Rh2+ 77. Kg3
R8h3+ 78. Kf4 Rf2 79. Re5+ Kf6 80. Re3 Ra2 81. g5+ Kf7 82. Kg4 Rh1 83. Rb3 Rg1+
0-1

[Event "FIDE Grand Prix, Tashkent 2012"]
[Site "?"]
[Date "2012.11.29"]
[Round "7"]
[White "Wang, Hao"]
[Black "Svidler, Peter"]
[Result "1/2-1/2"]
[WhiteElo "2737"]
[BlackElo "2747"]
[PlyCount "63"]
[EventDate "2012.??.??"]

1. Nf3 Nf6 2. c4 g6 3. Nc3 d5 4. cxd5 Nxd5 5. Qb3 Nb6 6. d4 Bg7 7. Bf4 Be6 8.
Qa3 O-O 9. e4 N8d7 10. Rd1 c6 11. Ng5 Bg4 12. Be2 Bxe2 13. Nxe2 h6 14. Nf3 Nc4
15. Qc3 Qa5 16. Qxa5 Nxa5 17. b3 b6 18. O-O Rac8 19. Rc1 c5 20. dxc5 bxc5 21.
Rfd1 Nb6 22. Be3 c4 23. b4 Nc6 24. Bxb6 axb6 25. Rxc4 b5 26. Rc5 Nxb4 27. Rxb5
Nxa2 28. Rd2 Rfd8 29. Rxd8+ Rxd8 30. g3 Nc3 31. Nxc3 Bxc3 32. Kg2 1/2-1/2

[Event "FIDE Grand Prix, Tashkent 2012"]
[Site "?"]
[Date "2012.11.29"]
[Round "7"]
[White "Kasimdzhanov, Rustam"]
[Black "Leko, Peter"]
[Result "1/2-1/2"]
[WhiteElo "2696"]
[BlackElo "2732"]
[PlyCount "75"]
[EventDate "2012.??.??"]

1. e4 e5 2. Nf3 Nc6 3. Bb5 a6 4. Ba4 Nf6 5. O-O Be7 6. Re1 b5 7. Bb3 O-O 8. h3
Bb7 9. d3 d6 10. a3 Nb8 11. Nbd2 Nbd7 12. Nf1 Re8 13. Ng3 h6 14. Nh2 Bf8 15.
Ng4 Nxg4 16. Qxg4 Nf6 17. Qf5 Bc8 18. Qf3 Be6 19. Bxe6 Rxe6 20. c4 c6 21. b4 d5
22. exd5 cxd5 23. c5 Qd7 24. d4 e4 25. Qb3 g6 26. a4 Bg7 27. axb5 Qxb5 28. Ra5
Qb7 29. Bf4 Ne8 30. Rd1 Rd8 31. b5 axb5 32. Rxb5 Qa8 33. h4 Ra6 34. Nf1 Ra3 35.
Qc2 Ra2 36. Qb3 Ra3 37. Qc2 Ra2 38. Qb3 1/2-1/2

[Event "FIDE Grand Prix, Tashkent 2012"]
[Site "?"]
[Date "2012.11.30"]
[Round "8"]
[White "Caruana, Fabiano"]
[Black "Karjakin, Sergey"]
[Result "1/2-1/2"]
[WhiteElo "2786"]
[BlackElo "2775"]
[PlyCount "71"]
[EventDate "2012.??.??"]

1. d4 Nf6 2. c4 e6 3. g3 d5 4. Nf3 Be7 5. Bg2 O-O 6. O-O dxc4 7. Qa4 a6 8. Qxc4
b5 9. Qc2 Bb7 10. Bd2 Bd6 11. Nh4 Bxg2 12. Kxg2 Qc8 13. Rc1 Qb7+ 14. Nf3 Rc8
15. a4 bxa4 16. Rxa4 Nbd7 17. Qc6 Rcb8 18. Na3 Ne4 19. Qxb7 Rxb7 20. Nc4 Bf8
21. Be3 c5 22. Nfe5 cxd4 23. Nxd7 dxe3 24. Nxf8 Kxf8 25. Nxe3 Nf6 26. Nc4 Ke7
27. Rd1 Rc7 28. Nb6 Raa7 29. Rc4 Rxc4 30. Nxc4 Rc7 31. b3 Nd7 32. Ra1 Nc5 33.
Nd2 Rb7 34. Ra5 Nxb3 35. Nxb3 Rxb3 36. Rxa6 1/2-1/2

[Event "FIDE Grand Prix, Tashkent 2012"]
[Site "?"]
[Date "2012.11.30"]
[Round "8"]
[White "Gelfand, Boris"]
[Black "Dominguez Perez, Leinier"]
[Result "1/2-1/2"]
[WhiteElo "2751"]
[BlackElo "2726"]
[PlyCount "80"]
[EventDate "2012.??.??"]

1. d4 Nf6 2. c4 g6 3. Nc3 Bg7 4. e4 d6 5. Nf3 O-O 6. Be2 e5 7. O-O Nc6 8. d5
Ne7 9. Nd2 c6 10. a3 Ne8 11. b4 cxd5 12. cxd5 f5 13. Nc4 Nf6 14. Bg5 Nxe4 15.
Nxe4 fxe4 16. Nd2 Bf6 17. Be3 Nf5 18. Nxe4 Nxe3 19. fxe3 Bf5 20. Bd3 Qb6 21.
Qe2 Bxe4 22. Bxe4 Bg5 23. Rfe1 Rac8 24. Qd3 Qc7 25. g3 Qc3 26. Qe2 Qc4 27. Qg4
Kg7 28. h4 h5 29. Qxg5 Qxe4 30. Rf1 Qxd5 31. Qe7+ Kg8 32. Rf6 Rxf6 33. Qxf6 Qf7
34. Qxd6 Rf8 35. Qxe5 Qf2+ 36. Kh1 Qf3+ 37. Kh2 Qe2+ 38. Kh3 Qg4+ 39. Kg2 Qe2+
40. Kh3 Qg4+ 1/2-1/2

[Event "FIDE Grand Prix, Tashkent 2012"]
[Site "?"]
[Date "2012.11.30"]
[Round "8"]
[White "Mamedyarov, Shakhriyar"]
[Black "Ponomariov, Ruslan"]
[Result "1/2-1/2"]
[WhiteElo "2764"]
[BlackElo "2741"]
[PlyCount "50"]
[EventDate "2012.??.??"]

1. d4 d5 2. c4 dxc4 3. e4 Nf6 4. e5 Nd5 5. Bxc4 Nb6 6. Bd3 Nc6 7. Be3 Nb4 8.
Be4 f5 9. exf6 exf6 10. Nc3 f5 11. Bb1 N4d5 12. Nf3 Nxe3 13. fxe3 Bd6 14. O-O
O-O 15. e4 c6 16. Qb3+ Kh8 17. e5 Be7 18. a4 Nd5 19. Ba2 Rb8 20. a5 Ne3 21. Ne2
f4 22. Rf2 Ng4 23. Rff1 Ne3 24. Rf2 Ng4 25. Rff1 Ne3 1/2-1/2

[Event "62nd Hungarian Championship"]
[Site "Hévíz"]
[Date "2012.11.22"]
[Round "1"]
[White "Berkes, Ferenc"]
[Black "Erdos, Viktor"]
[Result "1-0"]
[WhiteElo "2693"]
[BlackElo "2640"]
[PlyCount "179"]
[EventDate "2012.??.??"]

1. d4 Nf6 2. c4 g6 3. g3 c6 4. Bg2 d5 5. cxd5 cxd5 6. Nc3 Nc6 7. Nf3 Ne4 8. Ne5
Nxc3 9. bxc3 Nxe5 10. dxe5 Bg7 11. O-O O-O 12. Rb1 Qc7 13. Qxd5 Rd8 14. Qb5
Qxe5 15. Qxe5 Bxe5 16. Be3 Bxc3 17. Bxb7 Bxb7 18. Rxb7 Bd4 19. Rxe7 Bxe3 20.
Rxe3 Rd2 21. a3 Rad8 22. Kg2 R8d7 23. Rc1 h5 24. Rc5 Kg7 25. Ra5 Rb2 26. Re4
Rc2 27. h3 Rb2 28. Kf3 Rc2 29. Re3 Rb2 30. Rae5 Kf6 31. R5e4 Rc2 32. Rb4 Kg7
33. Rf4 Rb2 34. Rc4 Ra2 35. Rcc3 Rb2 36. Rcd3 Rc7 37. Rb3 Ra2 38. Rb4 Rd7 39.
Rb5 Rc2 40. Rbe5 Kf6 41. g4 hxg4+ 42. hxg4 Ra2 43. Rc5 Kg7 44. g5 Ra1 45. Ra5
Rc7 46. Kg2 Rb1 47. Re8 Rbc1 48. f4 Ra1 49. Kf2 Ra2 50. Ra4 Rb7 51. Ra6 Rc7 52.
Kf3 Rc3+ 53. Re3 Rc7 54. Rd6 Rac2 55. Rdd3 Rc1 56. Re8 R1c3 57. Ke3 R7c6 58. a4
R6c4 59. Re4 Rc7 60. Rxc3 Rxc3+ 61. Kd4 Rc6 62. Kd5 Ra6 63. Rc4 Kf8 64. e4 Ke7
65. Rb4 Kd7 66. Kc5 Ra5+ 67. Kc4 Kc7 68. Kb3 Ra6 69. Rb5 Re6 70. Rc5+ Kd7 71.
e5 Ra6 72. Kb4 Ke6 73. Ra5 Rb6+ 74. Kc5 Rb7 75. Ra6+ Ke7 76. a5 Rd7 77. Rd6
Rc7+ 78. Rc6 Rd7 79. a6 Rd1 80. Rc7+ Ke6 81. Rc6+ Ke7 82. Rc7+ Ke6 83. Rxa7
Rc1+ 84. Kb6 Rb1+ 85. Kc7 Rb4 86. Rb7 Rxf4 87. a7 Ra4 88. Kb8 Kxe5 89. Rxf7
Rb4+ 90. Rb7 1-0

[Event "62nd Hungarian Championship"]
[Site "Hévíz"]
[Date "2012.11.23"]
[Round "2"]
[White "Berkes, Ferenc"]
[Black "Mihok, Oliver"]
[Result "1-0"]
[WhiteElo "2693"]
[BlackElo "2451"]
[PlyCount "57"]
[EventDate "2012.??.??"]

1. d4 d5 2. c4 c6 3. Nf3 Nf6 4. e3 Bf5 5. Nc3 e6 6. Nh4 Be4 7. f3 Bg6 8. Qb3
Qc7 9. Bd2 Be7 10. Rc1 dxc4 11. Bxc4 Nbd7 12. g3 a6 13. a4 O-O 14. Nxg6 hxg6
15. O-O Rad8 16. Rfd1 e5 17. a5 exd4 18. exd4 Bd6 19. Ne4 Nxe4 20. fxe4 Be7 21.
e5 c5 22. Bd5 b5 23. e6 fxe6 24. Bxe6+ Kh8 25. g4 Nf6 26. Rc3 Qd6 27. Rh3+ Nh5
28. d5 c4 29. Qe3 1-0

[Event "62nd Hungarian Championship"]
[Site "Hévíz"]
[Date "2012.11.24"]
[Round "3"]
[White "Horvath, Jozsef"]
[Black "Berkes, Ferenc"]
[Result "1/2-1/2"]
[WhiteElo "2539"]
[BlackElo "2693"]
[PlyCount "74"]
[EventDate "2012.??.??"]

1. e4 c6 2. c4 d5 3. exd5 cxd5 4. cxd5 Nf6 5. Nc3 Nxd5 6. Nf3 e6 7. d4 Bb4 8.
Bd2 Bd7 9. Nxd5 Bxd2+ 10. Qxd2 exd5 11. Qe3+ Qe7 12. Qxe7+ Kxe7 13. Rc1 f6 14.
Kd2 Kd6 15. Rc3 Nc6 16. Bb5 Ne7 17. Bxd7 Kxd7 18. Rhc1 Rac8 19. Rxc8 Rxc8 20.
Rxc8 Nxc8 21. Ne1 Nd6 22. Nc2 Ke6 23. Kd3 h5 24. Ne3 g5 25. f3 f5 26. g4 f4 27.
Nf1 h4 28. h3 Kd7 29. Nd2 Kc6 30. Kc3 a5 31. Kd3 Kb5 32. Nb1 Kc6 33. b3 Nb5 34.
a4 Nc7 35. Nc3 b6 36. Kd2 b5 37. Kd3 b4 1/2-1/2

[Event "62nd Hungarian Championship"]
[Site "Hévíz"]
[Date "2012.11.25"]
[Round "4"]
[White "Berkes, Ferenc"]
[Black "Papp, Gabor"]
[Result "1/2-1/2"]
[WhiteElo "2693"]
[BlackElo "2578"]
[PlyCount "65"]
[EventDate "2012.??.??"]

1. c4 e5 2. Nc3 Nf6 3. Nf3 Nc6 4. g3 Nd4 5. Bg2 Nxf3+ 6. Bxf3 Bb4 7. O-O O-O 8.
Bg2 c6 9. d3 h6 10. Bd2 Re8 11. Rb1 a5 12. a3 Bf8 13. Qa4 d5 14. cxd5 cxd5 15.
Rfc1 Bd7 16. Qd1 Bc6 17. b4 axb4 18. axb4 d4 19. Bxc6 bxc6 20. Ne4 Nxe4 21.
dxe4 Qb6 22. Qc2 Qb5 23. e3 Re6 24. Rb3 Ra4 25. exd4 exd4 26. Rcb1 Qe2 27. Re1
Qb5 28. Qb2 Qc4 29. Rc1 Qe2 30. Re1 Qc4 31. Rc1 Qe2 32. Re1 Qc4 33. Rc1 1/2-1/2

[Event "62nd Hungarian Championship"]
[Site "Hévíz"]
[Date "2012.11.26"]
[Round "5"]
[White "Szabo, Krisztian"]
[Black "Berkes, Ferenc"]
[Result "1/2-1/2"]
[WhiteElo "2541"]
[BlackElo "2693"]
[PlyCount "66"]
[EventDate "2012.??.??"]

1. e4 c5 2. Nf3 e6 3. d4 cxd4 4. Nxd4 Nc6 5. Nb5 d6 6. c4 Nf6 7. N1c3 a6 8. Na3
Be7 9. Be2 O-O 10. O-O b6 11. Be3 Ne5 12. f3 Bb7 13. Qd2 Qc7 14. Rac1 Rab8 15.
Rfd1 Rfc8 16. Bf1 Qd8 17. Qf2 Ba8 18. Na4 Nxe4 19. fxe4 Ng4 20. Qg3 Nxe3 21.
Qxe3 Bg5 22. Qe1 Bxc1 23. Rxc1 d5 24. c5 bxc5 25. Bxa6 Bb7 26. Bxb7 Rxb7 27.
exd5 exd5 28. Qf2 h6 29. Rxc5 d4 30. Nc4 d3 31. Rxc8 Qxc8 32. b3 Re7 33. Nc3
Qe8 1/2-1/2

[Event "62nd Hungarian Championship"]
[Site "Hévíz"]
[Date "2012.11.27"]
[Round "6"]
[White "Berkes, Ferenc"]
[Black "Medvegy, Zoltan"]
[Result "1-0"]
[WhiteElo "2693"]
[BlackElo "2561"]
[PlyCount "41"]
[EventDate "2012.??.??"]

1. d4 Nf6 2. c4 e6 3. Nc3 Bb4 4. f3 Nc6 5. e4 d5 6. cxd5 exd5 7. e5 Ng8 8. Be3
Nge7 9. f4 O-O 10. Nf3 Bxc3+ 11. bxc3 f5 12. Bc1 Be6 13. Ba3 a6 14. Rb1 b6 15.
Bd3 Qd7 16. O-O h6 17. Qe2 b5 18. Bc5 Na5 19. Nh4 Rf7 20. Bxe7 Qxe7 21. Qh5 1-0

[Event "62nd Hungarian Championship"]
[Site "Hévíz"]
[Date "2012.11.28"]
[Round "7"]
[White "Banusz, Tamas"]
[Black "Berkes, Ferenc"]
[Result "1/2-1/2"]
[WhiteElo "2580"]
[BlackElo "2693"]
[PlyCount "63"]
[EventDate "2012.??.??"]

1. c4 Nf6 2. Nf3 g6 3. Nc3 Bg7 4. e4 d6 5. d4 O-O 6. Be2 e5 7. d5 a5 8. Bg5 h6
9. Bh4 Na6 10. Nd2 Qe8 11. O-O Bd7 12. b3 Nh7 13. f3 h5 14. a3 Bh6 15. Kh1 Be3
16. Qc2 Kg7 17. Bd3 f6 18. Rad1 Qe7 19. Ne2 Nc5 20. Qc3 Nxd3 21. Qxd3 Bg5 22.
Bf2 f5 23. exf5 Bxf5 24. Ne4 Nf6 25. N2g3 Nxe4 26. Nxe4 b6 27. Rde1 Rf7 28. Qc3
Bh4 29. Bxh4 Qxh4 30. g3 Qe7 31. Qe3 Bxe4 32. fxe4 1/2-1/2

[Event "62nd Hungarian Championship"]
[Site "Hévíz"]
[Date "2012.11.29"]
[Round "8"]
[White "Berkes, Ferenc"]
[Black "Pap, Gyula"]
[Result "1-0"]
[WhiteElo "2693"]
[BlackElo "2553"]
[PlyCount "63"]
[EventDate "2012.??.??"]

1. d4 Nf6 2. c4 g6 3. g3 c5 4. d5 b5 5. cxb5 d6 6. Nc3 a6 7. bxa6 Bg7 8. Bg2
O-O 9. Nf3 Nbd7 10. O-O Nb6 11. Re1 Bxa6 12. h3 Qc7 13. Nh2 Nc4 14. Qc2 Qa5 15.
Nf1 Nd7 16. Ne3 Ndb6 17. Ned1 Bb7 18. Rf1 Rfb8 19. a3 Na4 20. Nxa4 Qxa4 21. b3
Qa6 22. Ra2 Nb6 23. Ne3 c4 24. bxc4 Rc8 25. Qe4 e6 26. Rc2 Qa4 27. Bb2 exd5 28.
Qe7 d4 29. Bxb7 Re8 30. Qc7 dxe3 31. fxe3 Bxb2 32. Rxb2 1-0

[Event "62nd Hungarian Championship"]
[Site "Hévíz"]
[Date "2012.11.30"]
[Round "9"]
[White "Prohaszka, Peter"]
[Black "Berkes, Ferenc"]
[Result "0-1"]
[WhiteElo "2573"]
[BlackElo "2693"]
[PlyCount "98"]
[EventDate "2012.??.??"]

1. d4 Nf6 2. c4 g6 3. Nf3 Bg7 4. g3 c6 5. Bg2 d5 6. cxd5 cxd5 7. Nc3 O-O 8. O-O
Ne4 9. Nxe4 dxe4 10. Ng5 Qxd4 11. Qxd4 Bxd4 12. Nxe4 Nc6 13. Bh6 Rd8 14. Nc3
Be6 15. Rac1 Rac8 16. Bxc6 Rxc6 17. Rfd1 Rcd6 18. Kg2 R6d7 19. b3 f6 20. h4 Kf7
21. Bf4 h5 22. Na4 Bd5+ 23. Kf1 Bc6 24. Re1 e5 25. Be3 Bxe3 26. fxe3 g5 27.
hxg5 fxg5 28. Kf2 Kg6 29. Nc5 Rd2 30. e4 Rxa2 31. Ke3 Rb2 32. Rb1 Rxb1 33. Rxb1
Rd4 34. Rf1 b6 35. Ne6 Rxe4+ 36. Kd3 Rg4 37. Nf8+ Kg7 38. Ne6+ Kh7 39. Rf7+ Kg6
40. Rxa7 Bd5 41. Nc7 Rxg3+ 42. e3 Bxb3 43. Ra6 Kf5 44. Rxb6 Bg8 45. Ne8 h4 46.
Nf6 Bf7 47. Rc6 Rg1 48. Ne4 Rd1+ 49. Kc2 Bb3+ 0-1

[Event "London Chess Classic 2012"]
[Site "London ENG"]
[Date "2012.12.01"]
[Round "1"]
[White "McShane, Luke J"]
[Black "Carlsen, Magnus"]
[Result "0-1"]
[WhiteElo "2713"]
[BlackElo "2848"]
[PlyCount "124"]
[EventDate "2012.12.01"]

1. e4 e5 2. Nf3 Nc6 3. Bb5 Nf6 4. O-O Nxe4 5. Re1 Nd6 6. Nxe5 Be7 7. Bf1 Nf5 8.
Nf3 O-O 9. d4 d5 10. g3 Bf6 11. c3 Re8 12. Rxe8+ Qxe8 13. Bf4 Qd8 14. Bd3 Nfe7
15. Na3 a6 16. Nc2 Bf5 17. Bxf5 Nxf5 18. g4 Nfe7 19. Ne3 g6 20. Qf1 Qd7 21. Qh3
Bg7 22. Qg3 Rc8 23. g5 Nd8 24. Be5 Ne6 25. Bf6 Re8 26. Ne5 Qd6 27. Kh1 Nxg5 28.
Bxg5 f6 29. Bxf6 Qxf6 30. Re1 c6 31. Kg2 Nc8 32. N3g4 Qd8 33. Nd3 Rxe1 34. Nxe1
Nd6 35. Nd3 Nf5 36. Qh3 Bf8 37. Ne3 Qg5+ 38. Kf1 Nxe3+ 39. fxe3 Kg7 40. Nf4 Qf6
41. Ke2 Bd6 42. Qg4 Kf7 43. h3 h5 44. Qc8 Qe7 45. Nd3 Kf6 46. b3 Kg5 47. c4 Kh4
48. c5 Bg3 49. b4 Qf7 50. a4 g5 51. Kd2 Bh2 52. Ne1 Kg3 53. Nc2 Bg1 54. Qd8 Kh4
55. Qc8 Bf2 56. Ke2 Kg3 57. Qd8 Qf5 58. Kd2 Kxh3 59. b5 g4 60. bxc6 bxc6 61.
Nb4 g3 62. Nd3 g2 0-1

[Event "London Chess Classic 2012"]
[Site "London ENG"]
[Date "2012.12.01"]
[Round "1"]
[White "Kramnik, Vladimir"]
[Black "Polgar, Judit"]
[Result "1-0"]
[WhiteElo "2795"]
[BlackElo "2705"]
[PlyCount "79"]
[EventDate "2012.12.01"]

1. c4 Nf6 2. Nc3 c5 3. g3 Nc6 4. Bg2 d6 5. e3 e5 6. Nge2 Be6 7. Nd5 Be7 8. O-O
O-O 9. Nec3 Nb4 10. Nxe7+ Qxe7 11. d3 d5 12. a3 dxc4 13. axb4 cxb4 14. Ne4 Nxe4
15. Bxe4 f5 16. Bg2 Rfd8 17. d4 a5 18. Qe2 e4 19. f3 Bd5 20. fxe4 fxe4 21. Rf5
Qd7 22. Re5 Re8 23. Bh3 Qc6 24. Rxe8+ Qxe8 25. Bd2 Qe7 26. Qh5 Qd8 27. Rf1 g6
28. Qe5 Ra6 29. Bd7 Bf7 30. Rxf7 Kxf7 31. Bb5 Rf6 32. Bxc4+ Kg7 33. Qxe4 Qc7
34. Qd5 Rf8 35. e4 b5 36. Qxb5 Qd6 37. Qb7+ Kh8 38. Qa7 g5 39. Bxg5 Qc6 40. Qe7
1-0

[Event "London Chess Classic 2012"]
[Site "London ENG"]
[Date "2012.12.01"]
[Round "1"]
[White "Jones, Gawain C B"]
[Black "Adams, Michael"]
[Result "0-1"]
[WhiteElo "2644"]
[BlackElo "2710"]
[PlyCount "182"]
[EventDate "2012.12.01"]

1. d4 Nf6 2. c4 e6 3. Nc3 Bb4 4. e3 O-O 5. Nge2 d5 6. a3 Bd6 7. c5 Be7 8. b4 b6
9. Nf4 c6 10. Be2 Nbd7 11. Bb2 Qc7 12. O-O bxc5 13. bxc5 e5 14. Nd3 e4 15. Nf4
Re8 16. Rb1 Nf8 17. f3 exf3 18. gxf3 Bd8 19. Bc1 Ng6 20. Nxg6 hxg6 21. Bd3 Bf5
22. Rf2 Qc8 23. Ne2 Bc7 24. Ng3 Bxd3 25. Qxd3 Qh3 26. Qf1 Qh4 27. Qg2 Rab8 28.
Rfb2 Rxb2 29. Rxb2 Rb8 30. Rxb8+ Bxb8 31. Bd2 Bc7 32. Be1 Nh7 33. Kf1 Qf6 34.
Qe2 Ng5 35. f4 Ne6 36. Kg1 Qe7 37. Kf1 Bd8 38. Qa6 Qd7 39. Ke2 Bh4 40. Kd2 Nf8
41. Ne2 Bxe1+ 42. Kxe1 Nh7 43. Kd2 g5 44. Ng3 gxf4 45. exf4 Nf6 46. f5 Qc7 47.
Kc2 Kh7 48. Kb1 Ng4 49. Qf1 Kg8 50. Qe2 Nf6 51. Qa6 Ng4 52. Qe2 Nf6 53. Qa6 Kf8
54. Qd3 Qa5 55. Qe3 Kg8 56. Kb2 Kh7 57. Kc2 Qa6 58. h3 Qb7 59. Qe2 Qd7 60. Kd1
Kg8 61. Qe3 a5 62. Qf3 Qb7 63. Kc2 a4 64. Qe3 Qb8 65. Qf3 Kf8 66. Qe3 Ne8 67.
Kc1 Qd8 68. Ne2 Qb8 69. Ng3 Nf6 70. Kc2 Qb5 71. Kc1 Qc4+ 72. Kb2 Qb5+ 73. Kc1
Qc4+ 74. Kb2 Ne4 75. f6 Nxf6 76. Nf5 Qb5+ 77. Kc2 Ne4 78. h4 Qc4+ 79. Kb2 Qb5+
80. Kc2 Qc4+ 81. Kb2 Qf1 82. Nd6 Qg2+ 83. Kc1 Qh1+ 84. Kb2 Qh2+ 85. Kc1 Qh1+
86. Kb2 Qh2+ 87. Kc1 Nxd6 88. cxd6 Qxd6 89. Qh3 g6 90. Qf3 Kg7 91. Qe3 Qf6 0-1

[Event "FIDE Grand Prix, Tashkent 2012"]
[Site "?"]
[Date "2012.12.02"]
[Round "9"]
[White "Ponomariov, Ruslan"]
[Black "Kamsky, Gata"]
[Result "1/2-1/2"]
[WhiteElo "2741"]
[BlackElo "2762"]
[PlyCount "74"]
[EventDate "2012.??.??"]

1. e4 Nf6 2. e5 Nd5 3. d4 d6 4. Nf3 dxe5 5. Nxe5 c6 6. Be2 Bf5 7. O-O Nd7 8.
Nf3 e6 9. c4 N5f6 10. Bf4 Qb6 11. Qc1 Be7 12. Nc3 O-O 13. a3 Ne4 14. b4 Nxc3
15. Qxc3 Nf6 16. Qb2 Bg4 17. h3 Bxf3 18. Bxf3 a6 19. Be3 Qc7 20. a4 Ne8 21.
Rac1 Nd6 22. g4 Bf6 23. Bg2 g6 24. f4 Rad8 25. Rfd1 Rfe8 26. Qf2 Qe7 27. Qf3
Rd7 28. Bf2 Bh4 29. Be3 Bf6 30. Bf2 Qd8 31. Rd2 Nc8 32. Rcd1 Ne7 33. Qb3 Qc7
34. Bg3 Qb6 35. Bf2 Qc7 36. Bg3 Qb6 37. Bf2 Qc7 1/2-1/2

[Event "FIDE Grand Prix, Tashkent 2012"]
[Site "?"]
[Date "2012.12.02"]
[Round "9"]
[White "Dominguez Perez, Leinier"]
[Black "Mamedyarov, Shakhriyar"]
[Result "1/2-1/2"]
[WhiteElo "2726"]
[BlackElo "2764"]
[PlyCount "68"]
[EventDate "2012.??.??"]

1. c4 c6 2. Nf3 d5 3. g3 g6 4. Bg2 Bg7 5. O-O Nf6 6. b3 dxc4 7. bxc4 Ne4 8. d4
c5 9. Qc2 Nc6 10. Qxe4 Bf5 11. Qe3 Nxd4 12. Ne1 Nxe2+ 13. Qxe2 Bxa1 14. Bxb7
Rb8 15. Bc6+ Kf8 16. Nd2 Bb2 17. Nb3 Bxc1 18. Nxc1 Qd6 19. Bd5 Kg7 20. Nb3 Rhd8
21. Qe3 e6 22. Bf3 Kg8 23. Ng2 Qa6 24. Qxc5 Bd3 25. Re1 Bxc4 26. Ne3 Bxb3 27.
axb3 Rxb3 28. Kg2 Qb6 29. Qe7 Rdd3 30. Ng4 Qd8 31. Nf6+ Kg7 32. Ne8+ Kg8 33.
Nf6+ Kg7 34. Ne8+ Kg8 1/2-1/2

[Event "FIDE Grand Prix, Tashkent 2012"]
[Site "?"]
[Date "2012.12.02"]
[Round "9"]
[White "Karjakin, Sergey"]
[Black "Gelfand, Boris"]
[Result "1/2-1/2"]
[WhiteElo "2775"]
[BlackElo "2751"]
[PlyCount "70"]
[EventDate "2012.??.??"]

1. e4 c5 2. Nf3 Nc6 3. Nc3 e5 4. Bc4 Be7 5. d3 d6 6. O-O Nf6 7. h3 O-O 8. a3 a6
9. Nd5 Nxd5 10. Bxd5 Be6 11. Bxe6 fxe6 12. c3 Qd7 13. b4 d5 14. Rb1 b5 15. Be3
d4 16. Bd2 dxc3 17. Bxc3 Bd6 18. Qe2 Rf7 19. bxc5 Bxc5 20. Bb2 Raf8 21. Rbc1
Bb6 22. Kh1 Rxf3 23. gxf3 Bd4 24. Rg1 Bxb2 25. Qxb2 Rxf3 26. Qc3 Qf7 27. Qxc6
Rxh3+ 28. Kg2 Qf3+ 29. Kf1 Qxd3+ 30. Ke1 Re3+ 31. fxe3 Qxe3+ 32. Kd1 Qd3+ 33.
Ke1 Qe3+ 34. Kd1 Qd3+ 35. Ke1 Qe3+ 1/2-1/2

[Event "FIDE Grand Prix, Tashkent 2012"]
[Site "?"]
[Date "2012.12.02"]
[Round "9"]
[White "Kasimdzhanov, Rustam"]
[Black "Morozevich, Alexander"]
[Result "1/2-1/2"]
[WhiteElo "2696"]
[BlackElo "2748"]
[PlyCount "78"]
[EventDate "2012.??.??"]

1. e4 c5 2. Nf3 g6 3. c3 d5 4. exd5 Qxd5 5. d4 Nf6 6. Be2 cxd4 7. Qxd4 Qa5 8.
Qe5 Nc6 9. Qxa5 Nxa5 10. Ne5 Bg7 11. Bb5+ Nd7 12. Bf4 a6 13. Bxd7+ Bxd7 14.
Nxd7 Kxd7 15. Nd2 Rhc8 16. O-O-O Ke8 17. Rhe1 b5 18. Kb1 Nc4 19. Nxc4 Rxc4 20.
Be5 Bxe5 21. Rxe5 Rd8 22. Rde1 e6 23. Kc2 Ke7 24. R5e4 Rxe4 25. Rxe4 Rd5 26. a4
Rg5 27. axb5 axb5 28. g3 Rf5 29. f4 g5 30. Re5 Kf6 31. Rxf5+ Kxf5 32. fxg5 Ke4
33. Kd2 Kf3 34. b3 e5 35. c4 bxc4 36. bxc4 Kf2 37. Kd3 Kf3 38. Kd2 Kf2 39. Kd3
Kf3 1/2-1/2

[Event "FIDE Grand Prix, Tashkent 2012"]
[Site "?"]
[Date "2012.12.02"]
[Round "9"]
[White "Leko, Peter"]
[Black "Svidler, Peter"]
[Result "1/2-1/2"]
[WhiteElo "2732"]
[BlackElo "2747"]
[PlyCount "65"]
[EventDate "2012.??.??"]

1. e4 c5 2. Nf3 e6 3. d4 cxd4 4. Nxd4 Nc6 5. Nc3 a6 6. Nxc6 bxc6 7. Bd3 d5 8.
O-O Nf6 9. Re1 Be7 10. e5 Nd7 11. Qg4 Kf8 12. b3 c5 13. Na4 Bb7 14. c4 d4 15.
Nb2 h5 16. Qe2 Qc7 17. Be4 g6 18. Nd3 Kg7 19. Qf3 Bxe4 20. Rxe4 Qc6 21. h4 a5
22. Nb2 Qc7 23. Qg3 Qc6 24. Re2 Rhb8 25. Bg5 Bxg5 26. Qxg5 Qc7 27. Rd1 Qd8 28.
Qf4 Qe7 29. Re4 Nb6 30. Nd3 Nd7 31. Nb2 Nb6 32. Nd3 Nd7 33. Nb2 1/2-1/2

[Event "London Chess Classic 2012"]
[Site "?"]
[Date "2012.12.02"]
[Round "2"]
[White "Polgar, Judit"]
[Black "Jones, Gawain"]
[Result "1/2-1/2"]
[WhiteElo "2705"]
[BlackElo "2641"]
[PlyCount "146"]
[EventDate "2012.??.??"]

1. e4 c5 2. Nf3 d6 3. d4 cxd4 4. Nxd4 Nf6 5. Nc3 g6 6. Be3 Bg7 7. f3 Nc6 8. Qd2
O-O 9. Bc4 Bd7 10. O-O-O Rc8 11. Bb3 Nxd4 12. Bxd4 b5 13. Nd5 Nxd5 14. Bxg7
Kxg7 15. exd5 a5 16. a3 Kg8 17. Rhe1 b4 18. axb4 axb4 19. Qxb4 Rc5 20. Rd3 Qa8
21. Rxe7 Qa1+ 22. Kd2 Qf1 23. Qf4 Bf5 24. Rc3 Ra5 25. Rce3 Qxg2+ 26. Re2 Qg1
27. Qe3 Qa1 28. Re8 Ra8 29. Rxf8+ Rxf8 30. Qc3 Qg1 31. Qe3 Qa1 32. Qc3 Qg1 33.
Ba4 Qg5+ 34. Qe3 Qf6 35. c3 Rb8 36. b3 Qh4 37. Qe7 Qf4+ 38. Qe3 Qh4 39. Kc1 Qh3
40. Qf2 Bd3 41. Rd2 Bb5 42. Bxb5 Rxb5 43. b4 Qc8 44. Kb2 Rb8 45. Kb3 Qf5 46.
Qf1 Re8 47. Qd3 Qg5 48. Ra2 h5 49. b5 Qg1 50. Re2 Ra8 51. Rb2 Qa1 52. Qd4 Qa3+
53. Kc2 Ra4 54. Qd2 Ra8 55. b6 Qa4+ 56. Kd3 Qa1 57. Qe2 Rb8 58. Kc2 Qa4+ 59.
Kb1 Qa5 60. Qb5 Qxc3 61. b7 Qxf3 62. Ka2 Kh7 63. Qc6 Qf4 64. h3 Qd4 65. Rb6
Qd2+ 66. Kb3 Qd1+ 67. Kb4 Qb1+ 68. Ka5 Qa2+ 69. Qa4 Qxd5+ 70. Ka6 Ra8+ 71.
bxa8=Q Qxa8+ 72. Kb5 Qd5+ 73. Ka6 Qa8+ 1/2-1/2